000 00470nas a2200205 a 4500
001 2112
003 4351
005 20201118095351.0
008 ||||||n9999 ||| || ||
041 _afre
082 _219
_a320
100 _aTouchard, Jean
245 0 _aHistoire des idees politiques
250 _a3ed
260 _aFrancia :
_bPresses Universitaires de France,
_c1967.
300 _a2v
562 _e0
650 _aHISTORIA POLÍTICA
942 _cBKM
999 _c2112
_d2112